000
00251nam a2200109Ia 4500
008
190216s9999||||xx |||||||||||||| ||und||
100
_a
Achutha Menon C
245
0
_a
Prathikshinam
260
_b
Current Books
650
_a
Essay Malayalam
942
_c
BK
999
_c
24416
_d
24416